England Tournament Squads - Statistics

General Stats
  • This quiz has been taken 155 times
  • The average score is 365 of 637
Answer Stats
% Correct
2024 European Championship 1 GK Everton 30 Jordan Pickford 61
97%
2022 World Cup 1 GK Everton 28 Jordan Pickford 45
97%
2020 European Championship 1 GK Everton 27 Jordan Pickford 31
97%
2018 World Cup 1 GK Everton 24 Jordan Pickford 3
97%
2024 European Championship Coach England Gareth Southgate
96%
2022 World Cup Coach England Gareth Southgate
96%
2020 European Championship Coach England Gareth Southgate
96%
2018 World Cup Coach England Gareth Southgate
96%
2002 World Cup 16 DF Middlesbrough 31 Gareth Southgate 48
96%
2000 European Championship 12 DF Aston Villa 29 Gareth Southgate 35
96%
1998 World Cup 6 DF Aston Villa 27 Gareth Southgate 25
96%
1996 European Championship 6 DF Aston Villa 25 Gareth Southgate 4
96%
2024 European Championship 9 FW © Bayern Munich 30 Harry Kane 91
96%
2022 World Cup 9 FW © Tottenham Hotspur 29 Harry Kane 75
96%
2020 European Championship 9 FW © Tottenham Hotspur 27 Harry Kane 54
96%
2018 World Cup 9 FW © Tottenham Hotspur 24 Harry Kane 24
96%
2016 European Championship 9 FW Tottenham Hotspur 22 Harry Kane 12
96%
2024 European Championship 23 GK Crystal Palace 27 Dean Henderson 1
95%
2020 European Championship 13 GK Manchester United 24 Dean Henderson 1
95%
2024 European Championship 4 MF Arsenal 25 Declan Rice 51
95%
2022 World Cup 4 MF West Ham United 23 Declan Rice 34
95%
2020 European Championship 4 MF West Ham United 22 Declan Rice 17
95%
2022 World Cup 8 MF Liverpool 32 Jordan Henderson 70
95%
2020 European Championship 8 MF Liverpool 30 Jordan Henderson 59
95%
2018 World Cup 8 MF Liverpool 27 Jordan Henderson 39
95%
2016 European Championship 14 MF Liverpool 25 Jordan Henderson 26
95%
2014 World Cup 14 MF Liverpool 23 Jordan Henderson 11
95%
2012 European Championship 8 MF Liverpool 21 Jordan Henderson 2
95%
2024 European Championship 12 DF Newcastle United 33 Kieran Trippier 48
95%
2022 World Cup 12 DF Newcastle United 32 Kieran Trippier 37
95%
2020 European Championship 12 DF Atlético Madrid 30 Kieran Trippier 28
95%
2018 World Cup 12 DF Tottenham Hotspur 27 Kieran Trippier 7
95%
2024 European Championship 2 DF Manchester City 34 Kyle Walker 83
95%
2022 World Cup 2 DF Manchester City 32 Kyle Walker 70
95%
2020 European Championship 2 DF Manchester City 31 Kyle Walker 55
95%
2018 World Cup 2 DF Manchester City 28 Kyle Walker 35
95%
2016 European Championship 2 DF Tottenham Hotspur 26 Kyle Walker 16
95%
2024 European Championship 3 DF Manchester United 28 Luke Shaw 31
95%
2022 World Cup 3 DF Manchester United 27 Luke Shaw 23
95%
2020 European Championship 3 DF Manchester United 25 Luke Shaw 10
95%
2014 World Cup 23 DF Manchester United 18 Luke Shaw 2
95%
2022 World Cup 11 FW Manchester United 25 Marcus Rashford 46
95%
2020 European Championship 11 FW Manchester United 23 Marcus Rashford 41
95%
2018 World Cup 19 FW Manchester United 20 Marcus Rashford 19
95%
2016 European Championship 22 FW Manchester United 18 Marcus Rashford 1
95%
2024 European Championship 11 FW Manchester City 24 Phil Foden 34
95%
2022 World Cup 20 MF Manchester City 22 Phil Foden 18
95%
2020 European Championship 20 MF Manchester City 21 Phil Foden 6
95%
2024 European Championship 7 FW Arsenal 22 Bukayo Saka 33
93%
2022 World Cup 17 FW Arsenal 21 Bukayo Saka 20
93%
2020 European Championship 25 MF Arsenal 19 Bukayo Saka 5
93%
2024 European Championship 10 MF Real Madrid 20 Jude Bellingham 29
93%
2022 World Cup 22 MF Borussia Dortmund 19 Jude Bellingham 17
93%
2020 European Championship 26 MF Borussia Dortmund 17 Jude Bellingham 4
93%
1996 European Championship 20 MF Nottingham Forest 24 Steve Stone 6
93%
1992 European Championship 5 DF Nottingham Forest 26 Des Walker 44
92%
1990 World Cup 5 DF Nottingham Forest 24 Des Walker 18
92%
2022 World Cup 6 DF Manchester United 29 Harry Maguire 48
92%
2020 European Championship 6 DF Manchester United 28 Harry Maguire 32
92%
2018 World Cup 6 DF Leicester City 25 Harry Maguire 5
92%
2004 European Championship 22 GK Leicester City 32 Ian Walker 4
92%
1996 European Championship 13 GK Tottenham Hotspur 24 Ian Walker 2
92%
2014 World Cup 4 MF © Liverpool 34 Steven Gerrard 111
92%
2012 European Championship 4 MF © Liverpool 32 Steven Gerrard 90
92%
2010 World Cup 4 MF © Liverpool 30 Steven Gerrard 78
92%
2006 World Cup 4 MF Liverpool 26 Steven Gerrard 42
92%
2004 European Championship 4 MF Liverpool 24 Steven Gerrard 24
92%
2000 European Championship 16 MF Liverpool 20 Steven Gerrard 1
92%
2024 European Championship 13 GK Arsenal 26 Aaron Ramsdale 5
90%
2022 World Cup 23 GK Arsenal 24 Aaron Ramsdale 3
90%
2014 World Cup 8 MF Chelsea 35 Frank Lampard 105
90%
2010 World Cup 8 MF Chelsea 31 Frank Lampard 77
90%
2006 World Cup 8 MF Chelsea 27 Frank Lampard 40
90%
2004 European Championship 11 MF Chelsea 25 Frank Lampard 19
90%
2024 European Championship 5 DF Manchester City 30 John Stones 72
90%
2022 World Cup 5 DF Manchester City 28 John Stones 59
90%
2020 European Championship 5 DF Manchester City 27 John Stones 42
90%
2018 World Cup 5 DF Manchester City 24 John Stones 26
90%
2016 European Championship 16 DF Everton 22 John Stones 10
90%
2022 World Cup 10 FW Chelsea 27 Raheem Sterling 79
90%
2020 European Championship 10 FW Manchester City 26 Raheem Sterling 61
90%
2018 World Cup 10 FW Manchester City 23 Raheem Sterling 38
90%
2016 European Championship 7 MF Manchester City 21 Raheem Sterling 23
90%
2014 World Cup 19 MF Liverpool 19 Raheem Sterling 4
90%
2016 European Championship 10 FW © Manchester United 30 Wayne Rooney 111
90%
2014 World Cup 10 FW Manchester United 28 Wayne Rooney 92
90%
2012 European Championship 10 FW Manchester United 26 Wayne Rooney 73
90%
2010 World Cup 10 FW Manchester United 24 Wayne Rooney 58
90%
2006 World Cup 9 FW Manchester United 20 Wayne Rooney 29
90%
2004 European Championship 9 FW Everton 18 Wayne Rooney 13
90%
2018 World Cup 11 FW Leicester City 31 Jamie Vardy 22
89%
2016 European Championship 11 FW Leicester City 29 Jamie Vardy 8
89%
1970 World Cup 19 MF Manchester City 24 Colin Bell 11
88%
1968 European Championship 20 MF Manchester City 22 Colin Bell 2
88%
2010 World Cup 1 GK Portsmouth 39 David James 50
88%
2006 World Cup 13 GK Manchester City 35 David James 34
88%
2004 European Championship 1 GK Manchester City 33 David James 24
88%
2002 World Cup 22 GK West Ham United 31 David James 9
88%
2022 World Cup 7 FW Manchester City 27 Jack Grealish 24
88%
2020 European Championship 7 MF Aston Villa 25 Jack Grealish 7
88%
2024 European Championship 22 DF Liverpool 27 Joe Gomez 15
88%
2016 European Championship 1 GK Manchester City 29 Joe Hart 59
88%
2014 World Cup 1 GK Manchester City 27 Joe Hart 41
88%
2012 European Championship 1 GK Manchester City 25 Joe Hart 17
88%
2010 World Cup 23 GK Manchester City 23 Joe Hart 1
88%
2022 World Cup 13 GK Newcastle United 30 Nick Pope 10
88%
2018 World Cup 23 GK Burnley 26 Nick Pope 1
88%
2020 European Championship 24 DF Chelsea 21 Reece James 6
88%
2012 European Championship 3 DF Chelsea 31 Ashley Cole 93
87%
2010 World Cup 3 DF Chelsea 29 Ashley Cole 77
87%
2006 World Cup 3 DF Arsenal 25 Ashley Cole 46
87%
2004 European Championship 3 DF Arsenal 23 Ashley Cole 26
87%
2002 World Cup 3 DF Arsenal 21 Ashley Cole 8
87%
2022 World Cup 15 DF Tottenham Hotspur 28 Eric Dier 47
87%
2018 World Cup 4 MF Tottenham Hotspur 24 Eric Dier 26
87%
2016 European Championship 17 MF Tottenham Hotspur 22 Eric Dier 7
87%
2020 European Championship 17 MF Borussia Dortmund 21 Jadon Sancho 19
87%
2010 World Cup 11 MF Chelsea 28 Joe Cole 53
87%
2006 World Cup 11 MF Chelsea 24 Joe Cole 32
87%
2004 European Championship 19 MF Chelsea 22 Joe Cole 17
87%
2002 World Cup 19 MF West Ham United 20 Joe Cole 6
87%
2012 European Championship 6 DF Chelsea 31 John Terry 72
87%
2010 World Cup 6 DF Chelsea 29 John Terry 59
87%
2006 World Cup 6 DF Chelsea 25 John Terry 24
87%
2004 European Championship 5 DF Chelsea 23 John Terry 8
87%
2004 European Championship 8 MF Manchester United 29 Paul Scholes 62
87%
2002 World Cup 8 MF Manchester United 27 Paul Scholes 43
87%
2000 European Championship 8 MF Manchester United 25 Paul Scholes 22
87%
1998 World Cup 16 MF Manchester United 23 Paul Scholes 7
87%
2018 World Cup 16 DF Manchester United 26 Phil Jones 25
87%
2014 World Cup 16 DF Manchester United 22 Phil Jones 10
87%
2012 European Championship 14 DF Manchester United 20 Phil Jones 4
87%
2004 European Championship 14 DF Manchester United 27 Phil Neville 48
87%
2000 European Championship 3 DF Manchester United 23 Phil Neville 25
87%
1996 European Championship 19 DF Manchester United 19 Phil Neville 1
87%
2024 European Championship 8 MF Liverpool 25 Trent Alexander-Arnold 25
87%
2022 World Cup 18 DF Liverpool 24 Trent Alexander-Arnold 17
87%
2018 World Cup 22 DF Liverpool 19 Trent Alexander-Arnold 1
87%
2006 World Cup 7 MF © Real Madrid 31 David Beckham 89
86%
2004 European Championship 7 MF © Real Madrid 29 David Beckham 68
86%
2002 World Cup 7 MF © Manchester United 27 David Beckham 49
86%
2000 European Championship 7 MF Manchester United 25 David Beckham 30
86%
1998 World Cup 7 MF Manchester United 23 David Beckham 15
86%
2006 World Cup 2 DF Manchester United 31 Gary Neville 79
86%
2004 European Championship 2 DF Manchester United 29 Gary Neville 63
86%
2000 European Championship 2 DF Manchester United 25 Gary Neville 38
86%
1998 World Cup 12 DF Manchester United 23 Gary Neville 27
86%
1996 European Championship 2 DF Manchester United 21 Gary Neville 10
86%
1998 World Cup 19 FW Tottenham Hotspur 31 Les Ferdinand 17
86%
1996 European Championship 18 FW Newcastle United 29 Les Ferdinand 10
86%
2022 World Cup 21 DF Arsenal 25 Ben White 4
85%
2020 European Championship 22 DF Brighton & Hove Albion 23 Ben White 2
85%
2024 European Championship 24 MF Chelsea 22 Cole Palmer 4
84%
2002 World Cup 1 GK Arsenal 38 David Seaman 68
84%
2000 European Championship 1 GK Arsenal 36 David Seaman 57
84%
1998 World Cup 1 GK Arsenal 34 David Seaman 40
84%
1996 European Championship 1 GK Arsenal 32 David Seaman 24
84%
1990 World Cup 22 GK Queens Park Rangers 26 David Seaman 3
84%
2018 World Cup 20 MF Tottenham Hotspur 22 Dele Alli 25
84%
2016 European Championship 20 MF Tottenham Hotspur 20 Dele Alli 8
84%
2024 European Championship 17 FW Brentford 28 Ivan Toney 3
84%
2022 World Cup 14 MF Manchester City 26 Kalvin Phillips 23
84%
2020 European Championship 14 MF Leeds United 25 Kalvin Phillips 8
84%
2024 European Championship 19 FW Aston Villa 28 Ollie Watkins 12
84%
2006 World Cup 5 DF Manchester United 27 Rio Ferdinand 47
84%
2002 World Cup 5 DF Leeds United 23 Rio Ferdinand 21
84%
1998 World Cup 21 DF West Ham United 19 Rio Ferdinand 3
84%
2010 World Cup 17 MF Manchester City 28 Shaun Wright-Phillips 30
84%
2000 European Championship 9 FW © Newcastle United 29 Alan Shearer 59
83%
1998 World Cup 9 FW © Newcastle United 27 Alan Shearer 39
83%
1996 European Championship 9 FW Blackburn Rovers 25 Alan Shearer 23
83%
1992 European Championship 20 FW Southampton 21 Alan Shearer 2
83%
2018 World Cup 3 DF Tottenham Hotspur 27 Danny Rose 18
83%
2016 European Championship 3 DF Tottenham Hotspur 25 Danny Rose 4
83%
2000 European Championship 20 FW Sunderland 26 Kevin Phillips 5
83%
2024 European Championship 6 DF Crystal Palace 23 Marc Guéhi 11
83%
2022 World Cup 19 MF Chelsea 23 Mason Mount 32
83%
2020 European Championship 19 MF Chelsea 22 Mason Mount 16
83%
2024 European Championship 18 FW Newcastle United 23 Anthony Gordon 3
82%
1992 European Championship 12 MF Sheffield Wednesday 26 Carlton Palmer 4
82%
2024 European Championship 21 MF Crystal Palace 25 Eberechi Eze 4
82%
2018 World Cup 15 DF Chelsea 32 Gary Cahill 60
82%
2016 European Championship 5 DF Chelsea 30 Gary Cahill 43
82%
2014 World Cup 5 DF Chelsea 28 Gary Cahill 24
82%
2016 European Championship 15 FW Liverpool 26 Daniel Sturridge 18
80%
2014 World Cup 9 FW Liverpool 24 Daniel Sturridge 12
80%
2016 European Championship 4 MF Liverpool 30 James Milner 60
80%
2014 World Cup 17 MF Manchester City 28 James Milner 47
80%
2012 European Championship 16 MF Manchester City 26 James Milner 24
80%
2010 World Cup 16 MF Aston Villa 24 James Milner 7
80%
2006 World Cup 10 FW Newcastle United 26 Michael Owen 77
80%
2004 European Championship 10 FW Liverpool 24 Michael Owen 56
80%
2002 World Cup 10 FW Liverpool 22 Michael Owen 35
80%
2000 European Championship 10 FW Liverpool 20 Michael Owen 19
80%
1998 World Cup 20 FW Liverpool 18 Michael Owen 5
80%
1954 World Cup 5 MF Luton Town 32 Syd Owen 2
80%
2018 World Cup 7 MF Manchester United 25 Jesse Lingard 12
78%
2024 European Championship 26 MF Manchester United 19 Kobbie Mainoo 3
78%
2024 European Championship 20 FW West Ham United 27 Jarrod Bowen 8
77%
1958 World Cup 5 MF © Wolverhampton Wanderers 34 Billy Wright 92
76%
1954 World Cup 4 DF © Wolverhampton Wanderers 30 Billy Wright 58
76%
1950 World Cup DF © Wolverhampton Wanderers 26 Billy Wright 29
76%
2022 World Cup 24 FW Newcastle United 30 Callum Wilson 4
76%
1992 European Championship 6 DF Liverpool 28 Mark Wright 42
76%
1990 World Cup 14 DF Derby County 26 Mark Wright 24
76%
1988 European Championship 19 DF Derby County 24 Mark Wright 20
76%
2000 European Championship 22 GK Ipswich Town 22 Richard Wright 1
76%
1970 World Cup 14 DF Everton 25 Tommy Wright 9
76%
1968 European Championship 16 FW Everton 23 Tommy Wright 0
76%
2010 World Cup 18 DF Liverpool 32 Jamie Carragher 34
75%
2006 World Cup 15 DF Liverpool 28 Jamie Carragher 25
75%
2004 European Championship 16 DF Liverpool 26 Jamie Carragher 12
75%
2010 World Cup 9 FW Tottenham Hotspur 29 Peter Crouch 37
75%
2006 World Cup 21 FW Liverpool 25 Peter Crouch 7
75%
1968 European Championship 3 DF Everton 33 Ray Wilson 61
75%
1966 World Cup 3 DF Everton 31 Ray Wilson 45
75%
1962 World Cup 3 DF Huddersfield Town 27 Ray Wilson 11
75%
2006 World Cup 12 DF Arsenal 31 Sol Campbell 68
75%
2004 European Championship 6 DF Arsenal 29 Sol Campbell 58
75%
2002 World Cup 6 DF Arsenal 27 Sol Campbell 45
75%
2000 European Championship 4 DF Tottenham Hotspur 25 Sol Campbell 32
75%
1998 World Cup 2 DF Tottenham Hotspur 23 Sol Campbell 16
75%
1996 European Championship 16 DF Tottenham Hotspur 21 Sol Campbell 1
75%
2020 European Championship 15 DF Aston Villa 28 Tyrone Mings 10
75%
2018 World Cup 18 DF Manchester United 32 Ashley Young 34
74%
2012 European Championship 11 MF Manchester United 26 Ashley Young 19
74%
1970 World Cup 9 MF Manchester United 32 Bobby Charlton 102
74%
1968 European Championship 9 MF Manchester United 30 Bobby Charlton 85
74%
1966 World Cup 9 MF Manchester United 28 Bobby Charlton 68
74%
1962 World Cup 11 FW Manchester United 24 Bobby Charlton 35
74%
1958 World Cup 20 FW Manchester United 20 Bobby Charlton 3
74%
2018 World Cup 14 FW Arsenal 27 Danny Welbeck 39
74%
2014 World Cup 11 FW Manchester United 23 Danny Welbeck 24
74%
2012 European Championship 22 FW Manchester United 21 Danny Welbeck 4
74%
2014 World Cup 2 DF Liverpool 29 Glen Johnson 52
74%
2012 European Championship 2 DF Liverpool 27 Glen Johnson 35
74%
2010 World Cup 2 DF Liverpool 25 Glen Johnson 20
74%
1970 World Cup 17 DF Leeds United 35 Jack Charlton 34
74%
1968 European Championship 15 FW Leeds United 33 Jack Charlton 28
74%
1966 World Cup 5 DF Leeds United 31 Jack Charlton 16
74%
2020 European Championship 21 DF Chelsea 24 Ben Chilwell 14
73%
2024 European Championship 16 MF Chelsea 24 Conor Gallagher 13
73%
2022 World Cup 26 MF Chelsea 22 Conor Gallagher 4
73%
1980 European Championship 9 FW Liverpool 28 David Johnson 7
73%
2022 World Cup 25 MF Leicester City 26 James Maddison 1
73%
2002 World Cup 17 FW Tottenham Hotspur 36 Teddy Sheringham 46
73%
1998 World Cup 10 FW Manchester United 32 Teddy Sheringham 33
73%
1996 European Championship 10 FW Tottenham Hotspur 30 Teddy Sheringham 15
73%
2012 European Championship 7 MF Arsenal 23 Theo Walcott 22
73%
2006 World Cup 23 FW Arsenal 17 Theo Walcott 1
73%
2000 European Championship 5 DF Arsenal 33 Tony Adams 62
73%
1998 World Cup 5 DF Arsenal 31 Tony Adams 51
73%
1996 European Championship 5 DF © Arsenal 29 Tony Adams 40
73%
1988 European Championship 6 DF Arsenal 21 Tony Adams 11
73%
1970 World Cup 6 DF © West Ham United 29 Bobby Moore 80
72%
1968 European Championship 6 DF © West Ham United 27 Bobby Moore 61
72%
1966 World Cup 6 DF © West Ham United 25 Bobby Moore 41
72%
1962 World Cup 16 DF West Ham United 21 Bobby Moore 1
72%
2016 European Championship 6 DF Manchester United 26 Chris Smalling 25
72%
2014 World Cup 12 DF Manchester United 24 Chris Smalling 12
72%
2006 World Cup 16 MF Bayern Munich 25 Owen Hargreaves 30
72%
2004 European Championship 18 MF Bayern Munich 23 Owen Hargreaves 19
72%
2002 World Cup 18 MF Bayern Munich 21 Owen Hargreaves 6
72%
2024 European Championship 14 DF Aston Villa 26 Ezri Konsa 4
71%
2016 European Championship 18 MF Arsenal 24 Jack Wilshere 31
71%
2014 World Cup 7 MF Arsenal 22 Jack Wilshere 18
71%
2010 World Cup 22 MF Manchester United 28 Michael Carrick 21
71%
2006 World Cup 18 MF Tottenham Hotspur 24 Michael Carrick 6
71%
2016 European Championship 8 MF Liverpool 28 Adam Lallana 23
70%
2014 World Cup 20 MF Southampton 26 Adam Lallana 6
70%
1992 European Championship 17 FW Arsenal 29 Alan Smith 11
70%
1958 World Cup 19 FW Tottenham Hotspur 25 Bobby Smith 0
70%
1992 European Championship 10 FW © Tottenham Hotspur 31 Gary Lineker 77
70%
1990 World Cup 10 FW Tottenham Hotspur 29 Gary Lineker 51
70%
1988 European Championship 10 FW Barcelona 27 Gary Lineker 32
70%
1986 World Cup 10 FW Everton 25 Gary Lineker 13
70%
2014 World Cup 3 DF Everton 29 Leighton Baines 24
70%
2012 European Championship 12 DF Everton 27 Leighton Baines 7
70%
2020 European Championship 18 FW Everton 24 Dominic Calvert-Lewin 9
68%
2018 World Cup 13 GK Stoke City 25 Jack Butland 8
68%
2012 European Championship 23 GK Birmingham City 19 Jack Butland 0
68%
2024 European Championship 15 DF Brighton & Hove Albion 32 Lewis Dunk 6
68%
2006 World Cup Coach Sweden Sven-Göran Eriksson
68%
2004 European Championship Coach Sweden Sven-Göran Eriksson
68%
2002 World Cup Coach Sweden Sven-Göran Eriksson
68%
2024 European Championship 25 MF Crystal Palace 20 Adam Wharton 1
67%
2002 World Cup 9 FW Leeds United 27 Robbie Fowler 24
67%
2000 European Championship 21 FW Liverpool 25 Robbie Fowler 14
67%
1996 European Championship 21 FW Liverpool 21 Robbie Fowler 3
67%
2022 World Cup 16 DF Everton 29 Conor Coady 10
66%
2020 European Championship 16 DF Wolverhampton Wanderers 28 Conor Coady 5
66%
2012 European Championship 21 FW Tottenham Hotspur 29 Jermain Defoe 46
66%
2010 World Cup 19 FW Tottenham Hotspur 27 Jermain Defoe 39
66%
1954 World Cup 13 DF Birmingham City 30 Ken Green 0
66%
2006 World Cup 1 GK Tottenham Hotspur 26 Paul Robinson 21
66%
2004 European Championship 13 GK Tottenham Hotspur 24 Paul Robinson 5
66%
2012 European Championship 13 GK West Ham United 32 Robert Green 11
66%
2010 World Cup 12 GK West Ham United 30 Robert Green 9
66%
2000 European Championship 11 MF Real Madrid 28 Steve McManaman 27
66%
1998 World Cup 11 MF Liverpool 26 Steve McManaman 21
66%
1996 European Championship 17 MF Liverpool 24 Steve McManaman 10
66%
2014 World Cup 15 MF Arsenal 20 Alex Oxlade-Chamberlain 15
65%
2012 European Championship 20 MF Arsenal 18 Alex Oxlade-Chamberlain 1
65%
2018 World Cup 17 DF Manchester City 28 Fabian Delph 11
65%
2000 European Championship 14 MF Middlesbrough 32 Paul Ince 50
65%
1998 World Cup 4 MF Liverpool 30 Paul Ince 39
65%
1996 European Championship 4 MF Inter Milan 28 Paul Ince 19
65%
2002 World Cup 12 DF Manchester United 22 Wes Brown 6
65%
2010 World Cup Coach Italy Fabio Capello
64%
2010 World Cup 21 FW Aston Villa 32 Emile Heskey 57
63%
2004 European Championship 21 FW Birmingham City 26 Emile Heskey 42
63%
2002 World Cup 11 FW Liverpool 24 Emile Heskey 23
63%
2000 European Championship 19 FW Liverpool 22 Emile Heskey 7
63%
2016 European Championship 13 GK Southampton 28 Fraser Forster 6
63%
2014 World Cup 22 GK Celtic 26 Fraser Forster 2
63%
2010 World Cup 14 MF Manchester City 29 Gareth Barry 36
62%
2000 European Championship 15 DF Aston Villa 19 Gareth Barry 2
62%
1970 World Cup 1 GK Stoke City 32 Gordon Banks 59
62%
1968 European Championship 1 GK Stoke City 30 Gordon Banks 43
62%
1966 World Cup 1 GK Leicester City 28 Gordon Banks 27
62%
1962 World Cup 22 GK Leicester City 24 Gordon Banks 0
62%
1990 World Cup 11 MF Liverpool 26 John Barnes 53
62%
1988 European Championship 11 MF Liverpool 24 John Barnes 39
62%
1986 World Cup 19 FW Watford 22 John Barnes 27
62%
1958 World Cup 3 DF Bolton Wanderers 28 Tommy Banks 1
62%
2014 World Cup 13 GK West Bromwich Albion 31 Ben Foster 7
61%
2004 European Championship 17 MF Manchester United 29 Nicky Butt 35
61%
2002 World Cup 21 MF Manchester United 27 Nicky Butt 18
61%
2014 World Cup 6 DF Everton 31 Phil Jagielka 26
61%
2012 European Championship 18 DF Everton 29 Phil Jagielka 11
61%
2016 European Championship Coach England Roy Hodgson
60%
2014 World Cup Coach England Roy Hodgson
60%
2012 European Championship Coach England Roy Hodgson
60%
1982 World Cup 6 DF Brighton & Hove Albion 24 Steve Foster 2
60%
2002 World Cup 15 DF Arsenal 35 Martin Keown 42
59%
2000 European Championship 6 DF Arsenal 33 Martin Keown 30
59%
1998 World Cup 18 DF Arsenal 31 Martin Keown 18
59%
1992 European Championship 4 DF Everton 25 Martin Keown 6
59%
1996 European Championship 8 MF Rangers 29 Paul Gascoigne 38
59%
1990 World Cup 19 MF Tottenham Hotspur 23 Paul Gascoigne 11
59%
1990 World Cup 1 GK Derby County 40 Peter Shilton 118
59%
1988 European Championship 1 GK Derby County 38 Peter Shilton 98
59%
1986 World Cup 1 GK Southampton 36 Peter Shilton 81
59%
1982 World Cup 22 GK Nottingham Forest 32 Peter Shilton 37
59%
1980 European Championship 13 GK Nottingham Forest 30 Peter Shilton 30
59%
2016 European Championship 19 MF Everton 22 Ross Barkley 22
59%
2014 World Cup 21 MF Everton 20 Ross Barkley 6
59%
2012 European Championship 15 DF Manchester City 29 Joleon Lescott 14
58%
2000 European Championship Coach England Kevin Keegan
58%
1982 World Cup 7 FW © Southampton 31 Kevin Keegan 62
58%
1980 European Championship 7 FW © Hamburg 29 Kevin Keegan 51
58%
1990 World Cup 12 DF Queens Park Rangers 26 Paul Parker 5
58%
2012 European Championship 17 MF Tottenham Hotspur 31 Scott Parker 11
58%
2010 World Cup 20 DF Tottenham Hotspur 29 Ledley King 19
57%
2004 European Championship 15 DF Tottenham Hotspur 23 Ledley King 5
57%
2020 European Championship 23 GK West Bromwich Albion 28 Sam Johnstone 1
57%
2012 European Championship 9 FW Liverpool 23 Andy Carroll 3
55%
1990 World Cup Coach England Bobby Robson
55%
1988 European Championship Coach England Bobby Robson
55%
1986 World Cup Coach England Bobby Robson
55%
1962 World Cup 4 FW West Bromwich Albion 29 Bobby Robson 20
55%
1958 World Cup 8 FW West Bromwich Albion 25 Bobby Robson 2
55%
1990 World Cup 7 MF © Manchester United 33 Bryan Robson 85
55%
1988 European Championship 7 MF Manchester United 31 Bryan Robson 66
55%
1986 World Cup 7 MF © Manchester United 29 Bryan Robson 51
55%
1982 World Cup 16 MF Manchester United 25 Bryan Robson 19
55%
2014 World Cup 18 FW Liverpool 32 Rickie Lambert 6
55%
2018 World Cup 21 MF Crystal Palace 22 Ruben Loftus-Cheek 4
54%
2016 European Championship 12 DF Liverpool 25 Nathaniel Clyne 12
53%
2012 European Championship 19 MF Liverpool 27 Stewart Downing 33
52%
2006 World Cup 20 MF Middlesbrough 21 Stewart Downing 2
52%
1998 World Cup Coach England Glenn Hoddle
51%
1988 European Championship 17 MF Monaco 30 Glenn Hoddle 50
51%
1986 World Cup 4 MF Tottenham Hotspur 28 Glenn Hoddle 33
51%
1982 World Cup 9 MF Tottenham Hotspur 24 Glenn Hoddle 11
51%
1980 European Championship 19 MF Tottenham Hotspur 22 Glenn Hoddle 3
51%
2006 World Cup 14 DF Chelsea 25 Wayne Bridge 23
51%
2004 European Championship 12 DF Chelsea 23 Wayne Bridge 17
51%
2002 World Cup 14 DF Southampton 21 Wayne Bridge 5
51%
1990 World Cup 8 MF Marseille 29 Chris Waddle 52
50%
1988 European Championship 12 MF Tottenham Hotspur 27 Chris Waddle 34
50%
1986 World Cup 11 MF Tottenham Hotspur 25 Chris Waddle 16
50%
1986 World Cup 21 FW Chelsea 24 Kerry Dixon 6
50%
2010 World Cup 7 MF Tottenham Hotspur 23 Aaron Lennon 15
49%
2006 World Cup 19 MF Tottenham Hotspur 19 Aaron Lennon 1
49%
1996 European Championship 3 DF Nottingham Forest 34 Stuart Pearce 65
49%
1992 European Championship 3 DF Nottingham Forest 30 Stuart Pearce 47
49%
1990 World Cup 3 DF Nottingham Forest 28 Stuart Pearce 24
49%
1970 World Cup Coach England Alf Ramsey
48%
1968 European Championship Coach England Alf Ramsey
48%
1966 World Cup Coach England Alf Ramsey
48%
1950 World Cup DF Tottenham Hotspur 30 Alf Ramsey 5
48%
1980 European Championship 15 DF Wolverhampton Wanderers 32 Emlyn Hughes 62
48%
1970 World Cup 16 MF Liverpool 22 Emlyn Hughes 6
48%
1970 World Cup 10 FW West Ham United 28 Geoff Hurst 38
48%
1968 European Championship 10 FW West Ham United 26 Geoff Hurst 20
48%
1966 World Cup 10 FW West Ham United 24 Geoff Hurst 4
48%
1996 European Championship 15 MF Liverpool 22 Jamie Redknapp 4
48%
1950 World Cup MF Liverpool 26 Laurie Hughes 0
48%
2016 European Championship 21 DF Southampton 26 Ryan Bertrand 8
48%
2006 World Cup 17 MF Tottenham Hotspur 23 Jermaine Jenas 15
47%
2016 European Championship 23 GK Burnley 30 Tom Heaton 1
47%
1996 European Championship 7 MF Arsenal 29 David Platt 58
46%
1992 European Championship 7 MF Bari 26 David Platt 29
46%
1990 World Cup 17 MF Aston Villa 23 David Platt 5
46%
1970 World Cup 7 FW Manchester City 26 Francis Lee 14
46%
1968 European Championship 21 FW Tottenham Hotspur 28 Jimmy Greaves 57
46%
1966 World Cup 8 FW Tottenham Hotspur 26 Jimmy Greaves 51
46%
1962 World Cup 8 FW Tottenham Hotspur 22 Jimmy Greaves 18
46%
1998 World Cup 17 MF Newcastle United 32 Rob Lee 17
46%
1998 World Cup 14 MF Tottenham Hotspur 26 Darren Anderton 18
45%
1996 European Championship 11 MF Tottenham Hotspur 24 Darren Anderton 11
45%
2000 European Championship 17 MF Chelsea 33 Dennis Wise 16
45%
1998 World Cup 3 DF Chelsea 29 Graeme Le Saux 25
45%
1992 European Championship Coach England Graham Taylor
45%
2010 World Cup 15 DF West Ham United 31 Matthew Upson 19
45%
1954 World Cup 10 FW Manchester United 22 Tommy Taylor 3
45%
2002 World Cup 2 DF Leeds United 25 Danny Mills 7
43%
1950 World Cup DF Fulham 32 Jim Taylor 0
43%
1982 World Cup 12 DF Ipswich Town 33 Mick Mills 37
43%
1980 European Championship 16 DF Ipswich Town 31 Mick Mills 29
43%
2004 European Championship 23 FW Aston Villa 23 Darius Vassell 18
42%
2002 World Cup 20 FW Aston Villa 21 Darius Vassell 5
42%
1966 World Cup 17 FW Wolverhampton Wanderers 31 Ron Flowers 49
42%
1962 World Cup 6 MF Wolverhampton Wanderers 27 Ron Flowers 32
42%
1998 World Cup 22 GK Blackburn Rovers 31 Tim Flowers 11
42%
1996 European Championship 22 GK Blackburn Rovers 29 Tim Flowers 8
42%
2006 World Cup 22 GK Liverpool 20 Scott Carson 0
41%
1996 European Championship Coach England Terry Venables
41%
2002 World Cup 13 GK Leeds United 35 Nigel Martyn 22
40%
2000 European Championship 13 GK Leeds United 33 Nigel Martyn 11
40%
1998 World Cup 13 GK Leeds United 31 Nigel Martyn 7
40%
1992 European Championship 13 GK Crystal Palace 25 Nigel Martyn 2
40%
1970 World Cup 11 MF Tottenham Hotspur 26 Martin Peters 38
39%
1968 European Championship 11 MF West Ham United 24 Martin Peters 19
39%
1966 World Cup 16 MF West Ham United 22 Martin Peters 3
39%
1970 World Cup 8 MF Everton 25 Alan Ball 41
38%
1968 European Championship 7 MF Everton 23 Alan Ball 26
38%
1966 World Cup 7 MF Blackpool 21 Alan Ball 10
38%
2004 European Championship 20 MF Newcastle United 25 Kieron Dyer 22
38%
2002 World Cup 23 MF Newcastle United 23 Kieron Dyer 9
38%
1998 World Cup 15 MF Middlesbrough 30 Paul Merson 18
38%
1992 European Championship 16 MF Arsenal 24 Paul Merson 5
38%
1990 World Cup 6 DF Rangers 31 Terry Butcher 72
38%
1986 World Cup 6 DF Ipswich Town 27 Terry Butcher 40
38%
1982 World Cup 4 DF Ipswich Town 23 Terry Butcher 4
38%
1998 World Cup 8 MF Newcastle United 29 David Batty 31
37%
1992 European Championship 19 MF Leeds United 23 David Batty 8
37%
2010 World Cup 5 DF Tottenham Hotspur 26 Michael Dawson 0
37%
1954 World Cup 7 FW Blackpool 39 Stanley Matthews 36
37%
1950 World Cup FW Blackpool 35 Stanley Matthews 30
37%
1988 European Championship 14 DF Manchester United 31 Viv Anderson 30
37%
1986 World Cup 12 DF Arsenal 29 Viv Anderson 21
37%
1982 World Cup 2 DF Nottingham Forest 25 Viv Anderson 10
37%
1980 European Championship 12 DF Nottingham Forest 23 Viv Anderson 3
37%
1970 World Cup 15 DF Manchester United 28 Nobby Stiles 28
36%
1968 European Championship 17 MF Manchester United 26 Nobby Stiles 24
36%
1966 World Cup 4 MF Manchester United 24 Nobby Stiles 14
36%
1990 World Cup 9 FW Liverpool 29 Peter Beardsley 40
36%
1988 European Championship 9 FW Liverpool 27 Peter Beardsley 24
36%
1986 World Cup 20 FW Newcastle United 25 Peter Beardsley 5
36%
1982 World Cup 1 GK Tottenham Hotspur 33 Ray Clemence 59
36%
1980 European Championship 1 GK Liverpool 31 Ray Clemence 49
36%
1962 World Cup 14 MF Sunderland 29 Stan Anderson 2
36%
2002 World Cup 4 MF West Ham United 29 Trevor Sinclair 5
36%
1992 European Championship 1 GK Sheffield Wednesday 32 Chris Woods 31
35%
1990 World Cup 13 GK Rangers 30 Chris Woods 16
35%
1988 European Championship 13 GK Rangers 28 Chris Woods 12
35%
1986 World Cup 13 GK Norwich City 26 Chris Woods 4
35%
1968 European Championship 8 FW Liverpool 29 Roger Hunt 30
35%
1966 World Cup 21 FW Liverpool 27 Roger Hunt 13
35%
1962 World Cup 18 FW Liverpool 23 Roger Hunt 1
35%
1986 World Cup 8 MF Milan 29 Ray Wilkins 80
34%
1982 World Cup 19 MF Manchester United 25 Ray Wilkins 47
34%
1980 European Championship 6 MF Manchester United 23 Ray Wilkins 32
34%
1992 European Championship 8 MF Marseille 28 Trevor Steven 34
34%
1990 World Cup 20 MF Rangers 26 Trevor Steven 26
34%
1988 European Championship 8 MF Everton 24 Trevor Steven 23
34%
1986 World Cup 17 MF Everton 22 Trevor Steven 10
34%
1962 World Cup 21 DF West Bromwich Albion 26 Don Howe 23
33%
1958 World Cup 2 DF West Bromwich Albion 22 Don Howe 7
33%
1982 World Cup 14 DF Liverpool 31 Phil Neal 37
33%
1980 European Championship 2 DF Liverpool 29 Phil Neal 25
33%
1982 World Cup Coach England Ron Greenwood
33%
1980 European Championship Coach England Ron Greenwood
33%
1988 European Championship 5 DF Everton 26 Dave Watson 11
32%
1980 European Championship 5 DF Southampton 33 David Watson 52
32%
1988 European Championship 3 DF Arsenal 29 Kenny Sansom 83
32%
1986 World Cup 3 DF Arsenal 27 Kenny Sansom 65
32%
1982 World Cup 17 DF Arsenal 23 Kenny Sansom 23
32%
1980 European Championship 3 DF Crystal Palace 21 Kenny Sansom 7
32%
1968 European Championship 22 FW Liverpool 25 Peter Thompson 14
32%
1982 World Cup 18 DF Liverpool 28 Phil Thompson 35
32%
1980 European Championship 4 DF Liverpool 26 Phil Thompson 23
32%
1992 European Championship 15 MF Manchester United 28 Neil Webb 24
30%
1990 World Cup 4 MF Manchester United 26 Neil Webb 19
30%
1988 European Championship 4 MF Nottingham Forest 24 Neil Webb 7
30%
1988 European Championship 16 MF Everton 31 Peter Reid 13
30%
1986 World Cup 16 MF Everton 29 Peter Reid 6
30%
1950 World Cup MF Sunderland 30 Willie Watson 2
30%
1990 World Cup 2 DF Rangers 27 Gary Stevens 39
29%
1988 European Championship 2 DF Everton 25 Gary Stevens 23
29%
1986 World Cup 2 DF Everton 23 Gary Stevens 9
29%
1986 World Cup 15 DF Tottenham Hotspur 24 Gary Stevens 5
29%
2000 European Championship 18 MF Everton 26 Nick Barmby 13
29%
1996 European Championship 14 MF Middlesbrough 22 Nick Barmby 6
29%
1970 World Cup 12 GK Chelsea 28 Peter Bonetti 6
29%
1966 World Cup 13 GK Chelsea 24 Peter Bonetti 1
29%
1982 World Cup 8 FW Manchester City 28 Trevor Francis 27
29%
1990 World Cup 18 MF Nottingham Forest 27 Steve Hodge 22
28%
1986 World Cup 18 MF Aston Villa 23 Steve Hodge 3
28%
1996 European Championship 12 DF Newcastle United 24 Steve Howey 4
28%
1992 European Championship 9 FW Nottingham Forest 26 Nigel Clough 7
27%
1986 World Cup 5 DF West Ham United 27 Alvin Martin 15
26%
1988 European Championship 18 FW Monaco 26 Mark Hateley 28
26%
1986 World Cup 9 FW Milan 24 Mark Hateley 18
26%
2012 European Championship 5 DF Liverpool 22 Martin Kelly 1
26%
1982 World Cup 3 MF West Ham United 33 Trevor Brooking 46
26%
1980 European Championship 10 MF West Ham United 31 Trevor Brooking 37
26%
1950 World Cup GK Wolverhampton Wanderers 30 Bert Williams 7
25%
1966 World Cup 2 DF Fulham 26 George Cohen 24
25%
1970 World Cup 18 DF Leeds United 26 Norman Hunter 13
25%
1968 European Championship 19 DF Leeds United 24 Norman Hunter 8
25%
1966 World Cup 18 FW Leeds United 22 Norman Hunter 4
25%
1990 World Cup 21 FW Wolverhampton Wanderers 25 Steve Bull 7
25%
1992 European Championship 14 DF Leeds United 26 Tony Dorigo 10
25%
1990 World Cup 15 DF Chelsea 24 Tony Dorigo 3
25%
1988 European Championship 20 DF Chelsea 22 Tony Dorigo 0
25%
1982 World Cup 21 FW Köln 26 Tony Woodcock 22
25%
1980 European Championship 11 FW Köln 24 Tony Woodcock 10
25%
1992 European Championship 11 MF Queens Park Rangers 26 Andy Sinton 4
24%
1950 World Cup MF Tottenham Hotspur 24 Eddie Baily 0
24%
1986 World Cup 22 GK Manchester United 27 Gary Bailey 2
24%
1954 World Cup 9 FW Bolton Wanderers 28 Nat Lofthouse 19
24%
2010 World Cup 13 DF Aston Villa 28 Stephen Warnock 1
24%
1990 World Cup 16 MF Liverpool 28 Steve McMahon 12
24%
1988 European Championship 15 MF Liverpool 26 Steve McMahon 3
24%
1958 World Cup 11 FW Preston North End 36 Tom Finney 73
24%
1954 World Cup 11 FW Preston North End 32 Tom Finney 51
24%
1950 World Cup FW Preston North End 28 Tom Finney 25
24%
1970 World Cup 21 FW Leeds United 23 Allan Clarke 0
23%
1970 World Cup 5 DF Everton 30 Brian Labone 23
23%
1968 European Championship 5 DF Everton 28 Brian Labone 9
23%
1986 World Cup 14 DF Queens Park Rangers 26 Terry Fenwick 15
23%
1982 World Cup 10 MF Liverpool 30 Terry McDermott 25
23%
1980 European Championship 17 MF Liverpool 28 Terry McDermott 10
23%
1962 World Cup Coach England Walter Winterbottom
23%
1958 World Cup Coach England Walter Winterbottom
23%
1954 World Cup Coach England Walter Winterbottom
23%
1950 World Cup Coach England Walter Winterbottom
23%
1970 World Cup 13 GK Manchester United 27 Alex Stepney 1
22%
1968 European Championship 12 GK Manchester United 25 Alex Stepney 1
22%
1980 European Championship 21 FW Nottingham Forest 23 Garry Birtles 1
22%
1982 World Cup 13 GK Manchester City 33 Joe Corrigan 9
22%
1980 European Championship 22 GK Manchester City 31 Joe Corrigan 5
22%
1982 World Cup 11 FW Ipswich Town 29 Paul Mariner 21
22%
1980 European Championship 20 FW Ipswich Town 27 Paul Mariner 9
22%
1980 European Championship 18 MF Liverpool 28 Ray Kennedy 15
22%
1982 World Cup 5 MF Manchester United 26 Steve Coppell 36
22%
1980 European Championship 8 MF Manchester United 24 Steve Coppell 23
22%
1990 World Cup 22 GK Chelsea 31 Dave Beasant 2
21%
1970 World Cup 4 MF Tottenham Hotspur 28 Alan Mullery 27
20%
1968 European Championship 4 MF Tottenham Hotspur 26 Alan Mullery 10
20%
1982 World Cup 15 MF Arsenal 24 Graham Rix 8
20%
1992 European Championship 2 DF Manchester City 28 Keith Curle 2
18%
1966 World Cup 12 GK Sheffield Wednesday 30 Ron Springett 33
18%
1962 World Cup 1 GK Sheffield Wednesday 26 Ron Springett 21
18%
1970 World Cup 3 DF Leeds United 25 Terry Cooper 8
18%
1970 World Cup 22 FW West Bromwich Albion 28 Jeff Astle 3
17%
1970 World Cup 2 DF Everton 28 Keith Newton 24
17%
1968 European Championship 2 DF Blackburn Rovers 26 Keith Newton 9
17%
1950 World Cup FW Blackpool 29 Stan Mortensen 18
17%
1966 World Cup 14 DF Blackpool 30 Jimmy Armfield 43
16%
1962 World Cup 2 DF Blackpool 26 Jimmy Armfield 25
16%
1968 European Championship 18 FW Manchester City 25 Mike Summerbee 3
16%
1970 World Cup 20 FW Chelsea 23 Peter Osgood 1
15%
1982 World Cup 20 FW Aston Villa 30 Peter Withe 6
15%
1980 European Championship 14 DF Leeds United 32 Trevor Cherry 26
15%
1966 World Cup 20 MF Liverpool 24 Ian Callaghan 1
14%
1950 World Cup FW Newcastle United 26 Jackie Milburn 7
14%
1962 World Cup 10 FW © Fulham 27 Johnny Haynes 52
14%
1958 World Cup 10 FW Fulham 23 Johnny Haynes 20
14%
1954 World Cup 21 MF Fulham 19 Johnny Haynes 0
14%
1950 World Cup FW Chelsea 26 Roy Bentley 4
14%
1992 European Championship 18 MF Aston Villa 24 Tony Daley 5
14%
1966 World Cup 22 MF Arsenal 29 George Eastham 19
13%
1962 World Cup 20 MF Arsenal 25 George Eastham 0
13%
1966 World Cup 19 FW Southampton 27 Terry Paine 18
12%
1966 World Cup 15 DF Liverpool 27 Gerry Byrne 2
11%
1950 World Cup DF Arsenal 33 Laurie Scott 17
11%
1968 European Championship 14 MF Tottenham Hotspur 23 Cyril Knowles 4
10%
1968 European Championship 13 GK Everton 25 Gordon West 0
10%
1966 World Cup 11 FW Manchester United 27 John Connelly 19
10%
1962 World Cup 7 MF Burnley 23 John Connelly 8
10%
1954 World Cup 19 MF Chelsea 30 Ken Armstrong 0
10%
1954 World Cup 3 DF Manchester United 25 Roger Byrne 3
10%
1954 World Cup 1 GK Birmingham City 32 Gil Merrick 20
9%
1962 World Cup 17 MF Blackburn Rovers 28 Bryan Douglas 29
8%
1958 World Cup 7 FW Blackburn Rovers 24 Bryan Douglas 7
8%
1958 World Cup 1 GK Burnley 27 Colin McDonald 1
8%
1950 World Cup FW Middlesbrough 32 Wilf Mannion 19
8%
1954 World Cup 17 FW Wolverhampton Wanderers 31 Jimmy Mullen 11
7%
1950 World Cup FW Wolverhampton Wanderers 27 Jimmy Mullen 4
7%
1950 World Cup DF Manchester United 28 John Aston 14
7%
1962 World Cup 12 GK Sheffield United 25 Alan Hodgkinson 5
4%
1958 World Cup 13 GK Sheffield United 21 Alan Hodgkinson 4
4%
1962 World Cup 19 FW Middlesbrough 24 Alan Peacock 0
4%
1950 World Cup MF Tottenham Hotspur 31 Bill Nicholson 0
4%
1962 World Cup 13 FW West Ham United 27 Derek Kevan 14
4%
1958 World Cup 9 FW West Bromwich Albion 23 Derek Kevan 7
4%
1954 World Cup 8 FW Newcastle United 31 Ivor Broadis 11
4%
1954 World Cup 6 MF Portsmouth 29 Jimmy Dickinson 35
4%
1950 World Cup MF Portsmouth 25 Jimmy Dickinson 7
4%
1962 World Cup 15 DF Tottenham Hotspur 28 Maurice Norman 1
4%
1958 World Cup 16 DF Tottenham Hotspur 24 Maurice Norman 0
4%
1958 World Cup 17 FW Chelsea 20 Peter Brabrook 0
4%
1962 World Cup 5 MF Sheffield Wednesday 25 Peter Swan 19
4%
1958 World Cup 15 DF Blackburn Rovers 23 Ronnie Clayton 20
4%
1950 World Cup GK Tottenham Hotspur 28 Ted Ditchburn 2
4%
1958 World Cup 21 FW Liverpool 23 Alan A'Court 1
3%
1954 World Cup 16 MF Sheffield Wednesday 20 Albert Quixall 3
3%
1954 World Cup 18 DF Manchester United 35 Allenby Chilton 2
3%
1954 World Cup 15 FW Wolverhampton Wanderers 28 Dennis Wilshaw 1
3%
1958 World Cup 12 GK Bolton Wanderers 22 Eddie Hopkinson 6
3%
1962 World Cup 9 FW Inter Milan 27 Gerry Hitchens 5
3%
1954 World Cup 22 FW West Ham United 21 Harry Hooper 0
3%
1958 World Cup 18 FW Wolverhampton Wanderers 25 Peter Broadbent 0
3%
1954 World Cup 12 GK Sheffield United 27 Ted Burgin 0
3%
1950 World Cup DF Blackburn Rovers 24 Bill Eckersley 0
2%
1954 World Cup 14 MF Huddersfield Town 27 Bill McGarry 0
2%
1958 World Cup 6 MF Wolverhampton Wanderers 31 Bill Slater 6
2%
1958 World Cup 4 DF Wolverhampton Wanderers 23 Eddie Clamp 1
2%
1950 World Cup MF Manchester United 28 Henry Cockburn 10
2%
1958 World Cup 22 FW West Bromwich Albion 21 Maurice Setters 0
2%
1958 World Cup 14 DF Chelsea 25 Peter Sillett 3
2%
1954 World Cup 2 DF Huddersfield Town 30 Ron Staniforth 3
2%
1954 World Cup 20 MF Fulham 26 Bedford Jezzard 1
1%
No matching quizzes found
Score Distribution
Percent of People with Each Score
Percentile by Number Answered
Your Score History
You have not taken this quiz